000 00361nam a2200157Ia 4500
008 151213s9999 xx 000 0 und d
100 _aJ. R. Evans
245 _aMarketing
_cJ. R. Evans
250 _a7th
260 _aTokeyo
_bPrentic Hall
_c1997
300 _a2687 p.
650 _aMarketing
650 _aMarketing
700 _aJ. R. Evans
999 _c1799
_d1799